000 00497nam a22001697a 4500
005 20251108171823.0
008 250721s1961 xx 000 0 ara d
082 1 4 _a411.7/هاش
100 1 _aالخطاط، هاشم محمد
245 1 0 _aقواعد الخط العربي /
264 1 _aبغداد :
_bوزارة المعارف العراقية،
_c1961.
300 _a64ص
650 1 7 _aاللغة العربية
650 1 7 _aالخط العربي
942 _2ddc
_cBK
999 _c63449
_d63449